Construction forecasts 1999-2000-2001 (Record no. 103360)

MARC details
000 -LEADER
fixed length control field 01628cam a2200433 4500
001 - CONTROL NUMBER
control field J125162
008 - FIXED-LENGTH DATA ELEMENTS--GENERAL INFORMATION
fixed length control field 040217n2000 000 0 eng u
022 ## - INTERNATIONAL STANDARD SERIAL NUMBER
International Standard Serial Number 0308-079X
035 ## - SYSTEM CONTROL NUMBER
System control number (Sirsi) u125162
041 ## - LANGUAGE CODE
Language code of text/sound track or separate title eng
050 ## - LIBRARY OF CONGRESS CALL NUMBER
Classification number 338.4569
-- 18
110 ## - MAIN ENTRY--CORPORATE NAME
Corporate name or jurisdiction name as entry element Construction Forecasting and Research Ltd
9 (RLIN) 1829
245 ## - TITLE STATEMENT
Title Construction forecasts 1999-2000-2001
Remainder of title Winter 1999/2000-Autumn 2000
260 ## - PUBLICATION, DISTRIBUTION, ETC.
Place of publication, distribution, etc. London
Name of publisher, distributor, etc. Construction Forecasting and Research
Date of publication, distribution, etc. 2000
300 ## - PHYSICAL DESCRIPTION
Extent 4
Type of unit v.
Dimensions 30cm.
490 ## - SERIES STATEMENT
Series statement CFR Construction Forecasts
Volume/sequential designation 6(1-4)
505 ## - FORMATTED CONTENTS NOTE
Formatted contents note Macroeconomic outlook
505 ## - FORMATTED CONTENTS NOTE
Formatted contents note Housing
505 ## - FORMATTED CONTENTS NOTE
Formatted contents note Housing repair, maintenance and improvement
505 ## - FORMATTED CONTENTS NOTE
Formatted contents note Infrastructure
505 ## - FORMATTED CONTENTS NOTE
Formatted contents note Public non-residential construction
505 ## - FORMATTED CONTENTS NOTE
Formatted contents note Private industrial construction
505 ## - FORMATTED CONTENTS NOTE
Formatted contents note Private commercial construction
505 ## - FORMATTED CONTENTS NOTE
Formatted contents note Non-residential repair and maintenance
505 ## - FORMATTED CONTENTS NOTE
Formatted contents note Construction output in current prices
505 ## - FORMATTED CONTENTS NOTE
Formatted contents note Regional housing data
505 ## - FORMATTED CONTENTS NOTE
Formatted contents note Regional infrastructure data
505 ## - FORMATTED CONTENTS NOTE
Formatted contents note Regional public non-residential data
505 ## - FORMATTED CONTENTS NOTE
Formatted contents note Regional private non-residential data
505 ## - FORMATTED CONTENTS NOTE
Formatted contents note Definitions: types and examples of construction work
520 ## - SUMMARY, ETC.
Summary, etc. Quarterly forecast of data for the UK construction industry predicting the rate of growth in key parts of the sector.
650 ## - SUBJECT ADDED ENTRY--TOPICAL TERM
Topical term or geographic name entry element BUILDING INDUSTRY
650 ## - SUBJECT ADDED ENTRY--TOPICAL TERM
Topical term or geographic name entry element CONSTRUCTION FORECASTS
650 ## - SUBJECT ADDED ENTRY--TOPICAL TERM
Topical term or geographic name entry element CONSTRUCTION INDUSTRY
650 ## - SUBJECT ADDED ENTRY--TOPICAL TERM
Topical term or geographic name entry element ECONOMIC FORECASTS
690 ## - LOCAL SUBJECT ADDED ENTRY--TOPICAL TERM (OCLC, RLIN)
Topical term or geographic name as entry element BUILDING AND CONSTRUCTION-ECONOMICS
710 ## - ADDED ENTRY--CORPORATE NAME
Corporate name or jurisdiction name as entry element Forecasting Committee for the Construction Industries
9 (RLIN) 3476
942 ## - ADDED ENTRY ELEMENTS (KOHA)
Suppress in OPAC 0
Holdings
Withdrawn status Lost status Source of classification or shelving scheme Damaged status Not for loan Home library Current library Shelving location Date acquired Serial Enumeration / chronology Total Checkouts Full call number Barcode Date last seen Copy number Price effective from Koha item type
    Dewey Decimal Classification     London London Folio 17/02/2004 V. 6 NO. 4 FALL 2000   F338.4569 CON V. 6 NO. 4 FALL 2000 30062490 06/08/2019 1 06/08/2019 Book